Douglas County, Nebraska Municipalities (Map) (2023) - Statistics

General Stats
  • This quiz has been taken 22 times
    17 since last reset
  • The average score is 5 of 12
Answers on the Map
Answers color-coded by a green-red scale on the quiz's map according to % correct below.
 
Answer Stats
Municipality % Correct
/Debolt
100%
Omaha
82%
Boys Town
64%
Ralston
64%
Bennington
55%
Valley
55%
Waterloo
55%
Venice
36%
Elk City
18%
Irvington
18%
Briggs
0%
Lane
0%
No matching quizzes found
Score Distribution
Percent of People with Each Score
Percentile by Number Answered
Your Score History
You have not taken this quiz since the last reset